| 000 | 00996cam a22001694a 4500 | ||
|---|---|---|---|
| 005 | 20250605164344.0 | ||
| 008 | 250528s ||||||||||||||||||||||||d | ||
| 035 | _a23777 | ||
| 040 |
_aGR-AtMCL _bgre _dGR-AtMCL _eAACR2 |
||
| 245 | 1 | _aU-Supprt a Web Based University Facilities Support System | |
| 260 | _c2018 | ||
| 520 | _aPrologue, Acknowledgements, Introduction, Purposes - Demonstration of the Problem, Structure, Technologies, HTTP, MVC, HTML, JavaScript, Databases, XML, JSON, PHP, Laravel, Web Services, Web Scraping, Installation and Setup, Installing Homestead, Configuring Nginx Sites, Configuring Database, Launching the Application, Design, High Level Architecture, Requirement Analysis, Entities-Relationship Diagram - ER, Implementation, Interaction with Database, Validation, Authentication, Content Update, Conclusions, References, Appendices, Ethical Form, Progress Reports. | ||
| 700 | 1 |
_aSofiadelis Apostolos _99310 |
|
| 942 | _cDS | ||
| 999 |
_c8714 _d8714 |
||